| 000 | 00570nam a2200181Ia 4500 | ||
|---|---|---|---|
| 999 |
_c14057 _d14057 |
||
| 003 | OSt | ||
| 005 | 20201020121515.0 | ||
| 008 | 190216s9999||||xx |||||||||||||| ||und|| | ||
| 020 | _a817224996 | ||
| 040 | _coclc | ||
| 082 |
_a891.448 _bDUT/T |
||
| 100 |
_a Dutt, Indu _95673 |
||
| 245 | 2 |
_aA Tagore Testament : _bTranslated from the Orginal Bengali OF Rabindranath Tagore / _cIndu Dutt |
|
| 260 |
_bJaico Publishing House. _c1992. _aNew delhi: |
||
| 300 | _a115p | ||
| 650 | _aEnglish Poetry | ||
| 942 |
_cBK _2ddc _h891.448 _iDUT/T _k891.448 _mDUT/T |
||